Most Common Color By Flag #2 - Statistics

General Stats
  • This quiz has been taken 40 times
  • The average score is 13 of 22
Answer Stats
Hint Answer % Correct
Canada Red
93%
Pakistan Green
90%
New Zealand Blue
86%
Denmark Red
86%
Greece Blue
79%
Sweden Blue
79%
Vatican City Yellow
79%
Turkmenistan Green
76%
D.R. Congo Blue
69%
Tonga Red
66%
Dominica Green
59%
Libya Black
59%
Kiribati Red
52%
Israel White
48%
Malawi Red
41%
Cameroon Yellow
41%
Panama White
41%
Sri Lanka Yellow
38%
Uruguay White
31%
Solomon Islands Green
28%
Myanmar Yellow
24%
Jamaica Black
21%
No matching quizzes found
Score Distribution
Percent of People with Each Score
Percentile by Number Answered
Your Score History
You have not taken this quiz